000 00308 a2200133 4500
001 153824
040 _cEscola São Tomás de Aquino
240 1 0 _aAs aventuras da ratinha
_lpor
245 1 0 _aAs aventuras da ratinha
362 0 _a1987
440 1 _aScipione
697 _a*LITERATURA INFANTIL
942 _cBK
999 _c153824
_d153824